| 000 | 00501nam a2200169Ia 4500 | ||
|---|---|---|---|
| 999 |
_c36870 _d36870 |
||
| 003 | OSt | ||
| 005 | 20210127092722.0 | ||
| 008 | 190216s9999||||xx |||||||||||||| ||und|| | ||
| 040 | _coclc | ||
| 082 |
_a530 _bTOM/C |
||
| 100 |
_aTomar, Surekha _98439 |
||
| 245 | 0 |
_aCSIR- UGC NET / JRF / SLET Physical Sciences Paper I & II / _cSurekha Tomar |
|
| 260 |
_bUpkar Prakashan, _c2008. _aAgra: |
||
| 300 | _a887p | ||
| 650 | _aReferences | ||
| 942 |
_cREF _2ddc _h530 _iTOM/C _k530 _mTOM/C |
||